How israel lost its soul (Record no. 26046)
[ view plain ]
| 000 -LEADER | |
|---|---|
| fixed length control field | 00630nam a22001817a 4500 |
| 005 - DATE AND TIME OF LATEST TRANSACTION | |
| control field | 20260415100226.0 |
| 008 - FIXED-LENGTH DATA ELEMENTS--GENERAL INFORMATION | |
| fixed length control field | 260415b |||||||| |||| 00| 0 eng d |
| 020 ## - INTERNATIONAL STANDARD BOOK NUMBER | |
| International Standard Book Number | (pbk) |
| 040 ## - CATALOGING SOURCE | |
| Transcribing agency | UE-CL |
| 082 ## - DEWEY DECIMAL CLASSIFICATION NUMBER | |
| Classification number | 956.94 |
| Item number | G344 |
| 100 ## - MAIN ENTRY--PERSONAL NAME | |
| Personal name | Ghilan, Maxim |
| 245 ## - TITLE STATEMENT | |
| Title | How israel lost its soul |
| Remainder of title | / Maxim Ghilan |
| 260 ## - PUBLICATION, DISTRIBUTION, ETC. (IMPRINT) | |
| Place of publication, distribution, etc | Australia: |
| Name of publisher, distributor, etc | Penguin Books, |
| Date of publication, distribution, etc | 1974. |
| 300 ## - PHYSICAL DESCRIPTION | |
| Extent | 290 p. |
| 546 ## - LANGUAGE NOTE | |
| Language note | English |
| 942 ## - ADDED ENTRY ELEMENTS (KOHA) | |
| Koha item type | Books |
| 505 ## - FORMATTED CONTENTS NOTE | |
| Formatted contents note | 1. The only Democracy in the middle east<br/>2. The foundation of Zionism<br/>3. Araqb nationalism in palestine before 1920<br/>4. The stillbirth of palestine, 1920-39<br/>5. Jewish liberation movement up to 1942 |
| Withdrawn status | Damaged status | Not for loan | Home library | Current library | Date acquired | Full call number | Barcode | Date last seen | Price effective from | Koha item type |
|---|---|---|---|---|---|---|---|---|---|---|
| UE-Central Library | UE-Central Library | 15.04.2026 | 956.94 G344 | T5951D | 15.04.2026 | 15.04.2026 | Books |
